000 00621nam a2200229 i 4500
001 C2-0168109
003 PPAK
005 20180727133920.0
008 980714s1981 si a|||| ||||| | eng d
020 _a9971927020
040 _aPPAK
_beng
_cPPAK
_erda
082 0 4 _a791.53
_223
090 0 0 _a791.53
_bSRI
_dR
100 1 _aSri Mulyono, Ir.,
_eauthor
245 1 0 _aHuman character in the wayang
264 1 _aSingapore :
_bGunung Agung ,
_c1981
300 _a272 pages :
_billustrations ;
_c21 cm
336 _2rdacontent
_atext
337 _2rdamedia
_aunmediated
338 _2rdacarrier
_avolume
942 _ddc
_cB
999 _c49850
_d49850